Imágenes de la frontera (Record no. 9352)

MARC details
000 -CABECERA
campo de control de longitud fija 00941nam a2200253 a 4500
001 - NÚMERO DE CONTROL
campo de control BRL_540
005 - FECHA Y HORA DE LA ÚLTIMA TRANSACCIÓN
campo de control 20190320210806.0
008 - DATOS DE LONGITUD FIJA--INFORMACIÓN GENERAL
campo de control de longitud fija 020913s1993----mx-a######---#000-0#spa-#
041 ## - CÓDIGO DE LENGUA
Código de lengua del texto/banda sonora o título independiente spa
044 ## - CÓDIGO DEL PAÍS DE LA ENTIDAD EDITORA/PRODUCTORA
Código MARC del país mx
050 #4 - SIGNATURA TOPOGRÁFICA DE LA BIBLIOTECA DEL CONGRESO
Número de clasificación F787
Número de documento/Ítem .I43 1993
245 10 - MENCIÓN DE TÍTULO
Título Imágenes de la frontera
Mención de responsabilidad, etc. edición César Meraz ; diseño Luis Rodríguez
260 ## - PUBLICACIÓN, DISTRIBUCIÓN, ETC.
Lugar de publicación, distribución, etc. México
Nombre del editor, distribuidor, etc. La Raza
Fecha de publicación, distribución, etc. 1993
300 ## - DESCRIPCIÓN FÍSICA
Extensión [52 p.]
Otras características físicas il.
Dimensiones 21 cm.
500 ## - NOTA GENERAL
Nota general Au564
500 ## - NOTA GENERAL
Nota general ..concurso ´Imágenes de las fronteras´, cuya premiación se hizo en el Museo Histórico de la Ciudad Juárez, Chihuahua, en el marco del Festival Internacional de la Raza 92.
651 #4 - PUNTO DE ACCESO ADICIONAL DE MATERIA--NOMBRE GEOGRÁFICO
Nombre geográfico Frontera mexicano-estadounidense
Subdivisión general Descripciones y viajes
9 (RLIN) 24244
651 #4 - PUNTO DE ACCESO ADICIONAL DE MATERIA--NOMBRE GEOGRÁFICO
Nombre geográfico México, Norte
Subdivisión general Condiciones económicas
9 (RLIN) 24245
651 #4 - PUNTO DE ACCESO ADICIONAL DE MATERIA--NOMBRE GEOGRÁFICO
Nombre geográfico México, Norte
Subdivisión general Condiciones sociales
9 (RLIN) 24246
700 1# - PUNTO DE ACCESO ADICIONAL--NOMBRE DE PERSONA
Nombre de persona Meraz, César
Término indicativo de función/relación ed.
9 (RLIN) 24247
700 1# - PUNTO DE ACCESO ADICIONAL--NOMBRE DE PERSONA
Nombre de persona Rodríguez, Luis
Término indicativo de función/relación ed.
9 (RLIN) 24248
902 ## - CATALOGADOR
Iniciales GRL
942 ## - ELEMENTOS DE PUNTO DE ACCESO ADICIONAL (KOHA)
Fuente del sistema de clasificación o colocación Library of Congress Classification
Tipo de ítem Koha Libros
Holdings
Estado de retiro Estado de pérdida Estado dañado No para préstamo Localización permanente Ubicación/localización actual Fecha de adquisición Número de inventario Total de préstamos Signatura topográfica completa Código de barras Fecha visto por última vez Precio válido a partir de Tipo de ítem Koha
El ejemplar forma parte de la colección y puede ser consultado según las políticas vigentes.       Biblioteca Centro de Estudios Ruth D. Lechuga Biblioteca Centro de Estudios Ruth D. Lechuga 02/09/2013 Au564   F787 .I43 1993 (Au564) GRL00596 22/03/2019 22/03/2019 Libros